000 00386nam a2200157Ia 4500
008 230524s9999 xx 000 0 und d
082 _a5
_bSAR
100 _aPoornachandra Sarang
_924817
245 0 _aObject Oriented Programming with C++
250 _a1ST
260 _aNEW DELHI
_bPHI
_c2004
300 _aX;341
500 _aQuantity Number: 1
650 _aComp-Sc
942 _cBK
999 _c36730
_d36730